000 00877nam a22002177a 4500
999 _c16219
_d16219
003 AR-CdUCM
008 190502b ||||| |||| 00| 0 spa d
040 _aMUNICIPALIDAD PROVINCIAL DEL CUSCO
_cBIBLIOTECA MUNICIPAL DEL CUSCO
082 _a616.89 /
_bF88
100 _aFreud, Sigmund
_923111
245 _aInhibición, síntoma y angustia /
260 _aMéxico :
_bGrijalbo,
_c1970.
300 _a157 paginas ;
_c19 cm.
440 _aColección 70
_nSegunda serie
_935530
505 _aContenido :Estudio comparativo de las parálisis motrices orgánicas e histéricas --Obsesiones y fobias --Sobre la justificación de separar, de la neurastenia, un cierto complejo de síntomas, a título de "neurosis de angustia" /
650 _aPsicianalisis
_935531
650 _aObsesiones
_935532
650 _aFovias
_935533
942 _2ddc
_cLIBROS
945 _arjall
_d2019-05-02